000 01013nam a2200301 i 4500
003 EG-GICUC
005 20260306003237.0
008 260306s1949 gw o|||fr|||| 00| 0 fre d
040 _aEG-GiCUC
_bfre
_cEG-GiCUC
_dEG-GiCUC
_eRda
041 _afre
082 0 4 _221
_a341.511
_bPR
092 0 4 _221
099 _aLaw1 11 341.511 PR 1949
245 _aProcès Des Grands Criminels De Guerre Devant Le Tribunal Militaire International /
_nVol.37 ,
_cAL MILITAIRE INTER .
264 _aNuremberg :
_bAL MILITAIRE INTER ,
_c1949.
300 _a717 page ;
_c 24 cm.
_bPhotographs ;
336 _2rda contenu
_a texte
337 _2rda medias
_aOrdinateur
338 _2 transporteur rda
_a Ressource en ligne
500 _aIncludes Photographs .
504 _aBibliography: pages 200-250. 240-220
546 _aTexte en français
650 1 _aTribunaux internationaux
_2qrmak
651 1 _2qrmak
856 4 0 _uhttps://fll.law.cu.edu.eg/fulltext/bks/B11-08746.pdf
905 _a60
942 _2ddc
_cBK
_e21
_n0
999 _c65186
_d65186